Методы логического анализа (Запись № 30416)
[ простой вид ]
| 000 -МАРКЕР | |
|---|---|
| контрольное поле | 00749nam a22002171i 4500 |
| 001 - КОНТРОЛЬНЫЙ НОМЕР ЗАПИСИ | |
| контрольное поле | 000030416 |
| 003 - ПРИНАДЛЕЖНОСТЬ КОНТРОЛЬНОГО НОМЕРА | |
| контрольное поле | RuMoIPM |
| 005 - ДАТА И ВРЕМЯ ПОСЛЕДНЕЙ ТРАНЗАКЦИИ | |
| контрольное поле | 20260427104836.0 |
| 008 - ЭЛЕМЕНТЫ ДАННЫХ ФИКСИРОВАННОЙ ДЛИНЫ | |
| контрольное поле | 110829s1977----ur | c rus |
| 040 ## - ОРГАНИЗАЦИЯ-СОЗДАТЕЛЬ ЗАПИСИ | |
| организация-создатель исходной библиографической записи | RuMoIPM |
| язык каталогизации | rus |
| правила каталогизации | rcr |
| 041 0# - КОД ЯЗЫКА | |
| код языка текста | Русский |
| 080 ## - ИНДЕКС УНИВЕРСАЛЬНОЙ ДЕСЯТИЧНОЙ КЛАССИФИКАЦИИ | |
| индекс Универсальной десятичной классификации | 164 |
| 080 ## - ИНДЕКС УНИВЕРСАЛЬНОЙ ДЕСЯТИЧНОЙ КЛАССИФИКАЦИИ | |
| индекс Универсальной десятичной классификации | 165 |
| 245 1# - ОБЛАСТЬ ЗАГЛАВИЯ И СВЕДЕНИЙ ОБ ОТВЕТСТВЕННОСТИ | |
| заглавие | Методы логического анализа |
| сведения, относящиеся к заглавию, и т. д | [Сборник статей] |
| сведения об ответственности и т. д | АН СССР, Ин-т философии ; [Отв. ред. П. В. Таванец] |
| 260 ## - ОБЛАСТЬ ВЫХОДНЫХ ДАННЫХ | |
| место публикации, распространения, изготовления и т. д | Москва |
| издательство, издатель, распространитель и т. д | Наука |
| дата издания, распространения и т. д | 1977 |
| 300 ## - ОБЛАСТЬ КОЛИЧЕСТВЕННОЙ ХАРАКТЕРИСТИКИ | |
| объём | 263 с. |
| 504 ## - ПРИМЕЧАНИЕ О НАЛИЧИИ БИБЛИОГРАФИЧЕСКИХ ПЕРЕЧНЕЙ И ССЫЛОК | |
| текст примечания | Библиогр. в конце ст. |
| 700 1# - ИМЯ ЛИЦА КАК ДОБАВОЧНЫЙ ПОИСКОВЫЙ ПРИЗНАК | |
| имя лица | Таванец, Петр Васильевич |
| 710 2# - НАИМЕНОВАНИЕ КОЛЛЕКТИВА/ПОСТОЯННОЙ ОРГАНИЗАЦИИ КАК ДОБАВОЧНЫЙ ПОИСКОВЫЙ ПРИЗНАК | |
| наименование коллектива или юрисдикции как начальный элемент ввода | Академия наук СССР |
| структурное подразделение | Институт философии |
| 942 ## - ДАННЫЕ О ЗАПИСИ (KOHA) | |
| Тип экземпляра (KOHA) | Книга |
| Статус выдачи | Библиотека держатель | Текущая библиотека | Местонахождение | Шифр хранения | Тип экземпляра |
|---|---|---|---|---|---|
| Институт прикладной математики им. М.В. Келдыша | Институт прикладной математики им. М.В. Келдыша | Миусская | 164 / М 54 | Книга |